Statistics for Periodic Table of Elements with Yellow Box

Click here to take the quiz!

General Stats

  • This quiz has been taken 174 times
  • The average score is 67 of 118

Answer Stats

#SymbolElement% Correct
1HHydrogen
100%
2HeHelium
98%
3LiLithium
98%
4BeBeryllium
97%
6CCarbon
95%
7NNitrogen
95%
8OOxygen
95%
9FFluorine
93%
10NeNeon
93%
11NaSodium
93%
5BBoron
92%
12MgMagnesium
88%
13AlAluminium
83%
15PPhosphorus
83%
18ArArgon
82%
17ClChlorine
80%
19KPotassium
80%
16SSulfur
80%
20CaCalcium
78%
14SiSilicon
78%
36KrKrypton
73%
28NiNickel
73%
27CoCobalt
72%
26FeIron
72%
22TiTitanium
72%
24CrChromium
70%
29CuCopper
70%
23VVanadium
68%
54XeXenon
68%
30ZnZinc
68%
35BrBromine
67%
31GaGallium
67%
25MnManganese
67%
21ScScandium
67%
38SrStrontium
65%
32GeGermanium
63%
37RbRubidium
63%
34SeSelenium
63%
47AgSilver
62%
79AuGold
60%
53IIodine
60%
33AsArsenic
58%
55CsCesium
58%
87FrFrancium
58%
86RnRadon
58%
43TcTechnetium
58%
42MoMolybdenum
57%
88RaRadium
57%
92UUranium
57%
93NpNeptunium
55%
39YYttrium
55%
89AcActinium
53%
95AmAmericium
53%
99EsEinsteinium
53%
57LaLanthanum
53%
46PdPalladium
53%
94PuPlutonium
53%
56BaBarium
52%
97BkBerkelium
52%
96CmCurium
52%
41NbNiobium
52%
78PtPlatinum
52%
50SnTin
52%
40ZrZirconium
52%
51SbAntimony
50%
98CfCalifornium
50%
100FmFermium
50%
103LrLawrencium
50%
82PbLead
50%
102NoNobelium
50%
83BiBismuth
48%
48CdCadmium
48%
80HgMercury
48%
115McMoscovium
48%
45RhRhodium
48%
44RuRuthenium
48%
49InIndium
47%
71LuLutetium
47%
118OgOganesson
47%
111RgRoentgenium
47%
104RfRutherfordium
47%
52TeTellurium
47%
101MdMendelevium
45%
117TsTennessine
45%
74WTungsten
45%
85AtAstatine
43%
58CeCerium
43%
72HfHafnium
43%
108HsHassium
43%
76OsOsmium
43%
91PaProtactinium
43%
107BhBohrium
42%
105DbDubnium
42%
116LvLivermorium
42%
90ThThorium
42%
112CnCopernicium
40%
109MtMeitnerium
40%
59PrPraseodymium
40%
106SgSeaborgium
40%
110DsDarmstadtium
38%
63EuEuropium
38%
114FlFlerovium
38%
77IrIridium
38%
60NdNeodymium
38%
113NhNihonium
38%
75ReRhenium
38%
73TaTantalum
38%
84PoPolonium
37%
62SmSamarium
37%
68ErErbium
35%
64GdGadolinium
35%
61PmPromethium
35%
65TbTerbium
35%
81TlThallium
35%
70YbYtterbium
33%
67HoHolmium
32%
69TmThulium
30%
66DyDysprosium
28%

Score Distribution

Percentile by Number Answered

Percent of People with Each Score

Your Score History

You have not taken this quiz